000 00860nam a22002057a 4500
999 _c9467
_d9467
003 AR-CdUCM
008 190328b ||||| |||| 00| 0 spa d
040 _aMUNICIPALIDAD PROVINCIAL DEL CUSCO
_cBIBLIOTECA MUNICIPAL DEL CUSCO
082 _a636.089 /
_bE93
100 _aEstrada Zuñiga, Andrés
_925676
245 _aLecciones de farmacología y terapéutica para zootecnistas :
_bprincipios farmacológicos y terapéuticos /
260 _aCusco :
_bBiblioteca Nacional del Perú,
_c2013.
300 _a112 paginas ;
_bilustraciones, graficos, retratos, cuadros, tablas,
_c25 cm.
505 _aContenido: Conceptos generales -- Farmacognosia -- Farmacocinetica -- Farmacodinamica -- Farmacometria...
650 _aFarmacologia veterinaria
_925677
650 _aMedicamentos
_925678
650 _aZootecnistas
_925679
942 _2ddc
_cLIBROS
945 _apjha